Οι γυναίκες στον ελληνικό στρατό : διπλωματική εργασία
Αποθηκεύτηκε σε:
| Κύριος συγγραφέας: | |
|---|---|
| Συγγραφή απο Οργανισμό/Αρχή: | |
| Μορφή: | Thesis Βιβλίο |
| Γλώσσα: | Greek |
| Δημοσίευση: |
2017.
|
| Θέματα: | |
| Διαθέσιμο Online: | http://hdl.handle.net/11610/19150 |
| Ετικέτες: |
Προσθήκη ετικέτας
Δεν υπάρχουν, Καταχωρήστε ετικέτα πρώτοι!
|
MARC
| LEADER | 00000cam a2200000 a 4500 | ||
|---|---|---|---|
| 001 | 1/117396 | ||
| 008 | 181018s2017####gr | ||| |||| ||gre|| | ||
| 040 | |a GR-MyUa |b gre |c GR-MyUa |e AACR2 | ||
| 041 | 0 | |a gre | |
| 082 | 7 | |a 355.0082 |2 (23) | |
| 100 | 1 | |a Θεοδωρακούδης, Αλέξανδρος. | |
| 245 | 1 | 3 | |a Οι γυναίκες στον ελληνικό στρατό : |b διπλωματική εργασία / |c Θεοδωρακούδης Αλέξανδρος ; επιβλέπων καθηγητής: Μαραγκουδάκης Μανούσος. |
| 260 | |c 2017. | ||
| 300 | |a 104 σ. : |b πιν. ; |c 30 εκ. | ||
| 500 | |a Μέλη επιτροπής Ναγόπουλος Νικόλαος, Σαββάκης Μάνος. | ||
| 502 | |a Διατριβή (μεταπτυχιακή) - Πανεπιστήμιο Αιγαίου, Λέσβος, 2017. | ||
| 504 | |a Περιλαμβάνει βιβλιογραφία. | ||
| 506 | 1 | |a Ηλεκτρονική διάθεση στο πλήρες κείμενο - περιορισμένης πρόσβασης ; |d Ελεύθερη διάθεση μόνο στα μέλη του Πανεπιστημίου Αιγαίου. | |
| 540 | |a Κλειδωμένη η δυνατότητα αντιγραφής (copy) από το ηλεκτρονικό κείμενο. | ||
| 650 | 0 | |a Sociology, Military. | |
| 650 | 0 | |a Armed Forces. | |
| 650 | 0 | |a Women and the military. | |
| 700 | 1 | |a Μαραγκουδάκης, Μανούσος Ε. |e dgs | |
| 710 | 2 | |a Πανεπιστήμιο Αιγαίου. |b Σχολή Κοινωνικών Επιστημών. |b Τμήμα Κοινωνιολογίας. |b Μεταπτυχιακό Πρόγραμμα Σπουδών Ευρωπαϊκές Κοινωνίες και Ευρωπαϊκή Ολοκλήρωση. | |
| 852 | |a INST |b LESVOS |c DIATR |e 20181018 |h 125 |p 005100059855 |q 005100059855 |t MTXE |y 23 | ||
| 856 | |u http://hdl.handle.net/11610/19150 | ||
| 924 | |a Θεοδωρακούδης |b Αλέξανδρος |y Λέσβος |z 2017-05 | ||
| 970 | |a Δημάκη |b Μαρία |z 18-10-2018 | ||